000 01110nam a2200301Ia 4500
003 GCL
005 20240530103536.0
008 140319s9999 xx 000 0 ara d
040 _aGCL /
_cGCL
082 0 4 _a962.064
_bق/ص م
100 1 _aصلاح العقاد
245 1 0 _aمأساة يونيو 1967 :
_bحقائق وتحليل /
_cصلاح العقاد
250 _aط1
260 _aالقاهرة :
_bمكتبة الانجلو المصرية ،
_c1975
300 _a327 ص؛
_c24 سم
650 0 4 _aمصر
_xالعصر الحديث
650 0 4 _aالنزاع العربى الاسرائيلى
650 0 4 _aالاحتلال الصهيونى
650 0 4 _aالاعتداء الثلاثى على مصر 1956
650 0 4 _aمصر - تاريخ
650 0 4 _aفلسطين - تاريخ
650 0 4 _aحرب يونيو 1967 - مصر
650 0 4 _aاتفاقيات الهدنة
650 0 4 _aحرب فلسطين 1948 - مصر
650 0 4 _aجمال عبدالناصر
650 0 4 _aسوريا - تاريخ - العصر الحديث - الوحدة مع مصر(1958- 1961)
942 _2ddc
_cBK
999 _c40463
_d40463